Management information systems : (Record no. 488)
[ view plain ]
| 000 -LEADER | |
|---|---|
| fixed length control field | 01226cam a2200301 a 4500 |
| 001 - CONTROL NUMBER | |
| control field | 3036603 |
| 005 - DATE AND TIME OF LATEST TRANSACTION | |
| control field | 20210414113911.0 |
| 008 - FIXED-LENGTH DATA ELEMENTS--GENERAL INFORMATION | |
| fixed length control field | 960408s1997 txua b 001 0 eng d |
| 010 ## - LIBRARY OF CONGRESS CONTROL NUMBER | |
| LC control number | 95071897 |
| 020 ## - INTERNATIONAL STANDARD BOOK NUMBER | |
| International Standard Book Number | 0155002449 |
| 035 ## - SYSTEM CONTROL NUMBER | |
| System control number | (OCoLC)36109990 |
| 040 ## - CATALOGING SOURCE | |
| Original cataloging agency | NcU |
| Transcribing agency | NcU |
| Modifying agency | DLC |
| 042 ## - AUTHENTICATION CODE | |
| Authentication code | lccopycat |
| 050 00 - LIBRARY OF CONGRESS CALL NUMBER | |
| Classification number | HD30.213.L53 |
| 082 00 - DEWEY DECIMAL CLASSIFICATION NUMBER | |
| Classification number | 658.4/038/011 |
| Edition number | 21 |
| 100 1# - MAIN ENTRY--PERSONAL NAME | |
| Personal name | Licker, Paul S. |
| Fuller form of name | (Paul Steven), |
| Dates associated with a name | 1944- |
| 245 10 - TITLE STATEMENT | |
| Title | Management information systems : |
| Remainder of title | a strategic leadership approach / |
| Statement of responsibility, etc. | Paul S. Licker. |
| 260 ## - PUBLICATION, DISTRIBUTION, ETC. | |
| Place of publication, distribution, etc. | Fort Worth, TX : |
| Name of publisher, distributor, etc. | Dryden Press, |
| Date of publication, distribution, etc. | c1997. |
| 300 ## - PHYSICAL DESCRIPTION | |
| Extent | xxii, 535 p. : |
| Other physical details | ill. ; |
| Dimensions | 26 cm. |
| 504 ## - BIBLIOGRAPHY, ETC. NOTE | |
| Bibliography, etc. note | Includes bibliographical references and index. |
| 505 ## - FORMATTED CONTENTS NOTE | |
| Formatted contents note | Contents: preface -- Information systems for strategic advantage -- Supporting managers through information systems -- Managing risk in the application life cycle -- Information systems and technological -- Glossary. |
| 650 #0 - SUBJECT ADDED ENTRY--TOPICAL TERM | |
| Topical term or geographic name entry element | Management information systems. |
| 650 #0 - SUBJECT ADDED ENTRY--TOPICAL TERM | |
| Topical term or geographic name entry element | Information resources management. |
| 906 ## - LOCAL DATA ELEMENT F, LDF (RLIN) | |
| a | 7 |
| b | cbc |
| c | copycat |
| d | 2 |
| e | opcn |
| f | 19 |
| g | y-gencatlg |
| 942 ## - ADDED ENTRY ELEMENTS (KOHA) | |
| Source of classification or shelving scheme | Library of Congress Classification |
| Koha item type | Books |
| Withdrawn status | Lost status | Source of classification or shelving scheme | Damaged status | Not for loan | Home library | Current library | Shelving location | Date acquired | Total Checkouts | Full call number | Barcode | Date last seen | Price effective from | Koha item type |
|---|---|---|---|---|---|---|---|---|---|---|---|---|---|---|
| Library of Congress Classification | WISCONSIN INTERNATIONAL UNIVERSITY COLLEGE, GHANA - MAIN LIBRARY | WISCONSIN INTERNATIONAL UNIVERSITY COLLEGE, GHANA - MAIN LIBRARY | General Stacks | 26/01/2012 | HD30.213 .L53 | 1221/11 | 26/01/2012 | 26/01/2012 | Books | |||||
| Library of Congress Classification | WISCONSIN INTERNATIONAL UNIVERSITY COLLEGE, GHANA - MAIN LIBRARY | WISCONSIN INTERNATIONAL UNIVERSITY COLLEGE, GHANA - MAIN LIBRARY | General Stacks | 26/01/2012 | HD30.213 .L531 | 1222/11 | 26/01/2012 | 26/01/2012 | Books |
